Normal view
MARC view
Entry Topical Term
001 - CONTROL NUMBER
- control field: 9245
003 - CONTROL NUMBER IDENTIFIER
- control field: ARRUPE
005 - DATE AND TIME OF LATEST TRANSACTION
- control field: 20140320173858.0
008 - FIXED-LENGTH DATA ELEMENTS
- fixed length control field: 140320|| aca||aabn | a|a d
040 ## - CATALOGING SOURCE
- Original cataloging agency: ARRUPE
- Transcribing agency: ARRUPE
150 ## - HEADING--TOPICAL TERM
- Topical term or geographic name as entry element: Description and Travel
- Geographic subdivision: Ghana
670 ## - SOURCE DATA FOUND
- Source citation: Work cat.: (ARRUPE): Varley, W. J. 9244, The Geography of Ghana, 1958